A kind of fool (Record no. 4713)
[ view plain ]
| 000 -LEADER | |
|---|---|
| fixed length control field | 00464nam a22001577a 4500 |
| 008 - FIXED-LENGTH DATA ELEMENTS--GENERAL INFORMATION | |
| fixed length control field | 260427b |||||||| |||| 00| 0 eng d |
| 020 ## - INTERNATIONAL STANDARD BOOK NUMBER | |
| ISBN | 9781293918 |
| 100 ## - MAIN ENTRY--AUTHOR | |
| Author | John Munonye |
| 245 ## - TITLE STATEMENT | |
| Title | A kind of fool |
| 260 ## - PUBLICATION, DISTRIBUTION, ETC. (IMPRINT) | |
| Place of publication | IBADAN |
| Name of publisher | HEINEMANN EDUCATION BOOKS (NIGERIA) PLC |
| Date of publication | 1999 |
| 300 ## - COLLATION | |
| Pagination | 366p. |
| 650 ## - TRACINGS | |
| Main Subject | English Literature |
| Subdivision (1st) | African literature in English |
| Subdivision (2nd) | Tradition vs modernity—Fiction |
| 942 ## - ADDED ENTRY ELEMENTS (KOHA) | |
| Item type | Books |
| 050 ## - LIBRARY OF CONGRESS CALL NUMBER | |
| Classification number | PR9387.2 |
| Item number | .M86 |
| Source of classification or shelving scheme | Not for loan | Permanent location | Current location | Date acquired | Accession No. | Full call number | Barcode. | Copy number | Koha item type |
|---|---|---|---|---|---|---|---|---|---|
| Library of Congress Classification | Samuel Ogbemudia Main Library, University of Abuja | Samuel Ogbemudia Main Library, University of Abuja | 04/27/2026 | 2026/72057-62 | PR9387.2 .M86 | 2026-0207 | 6 | Books |